000
00201nam a2200085 4500
001
1256376
005
20251227124042.0
245
_a
DOĞU EKSPRESİNDE CİNAYET
_c
AGATHA CHRISTIE
260
_b
ALTIN KİTAPLAR
999
_c
1256376
_d
1256376